header

Privacy and its invasion (Record no. 3352)

MARC details
000 -LEADER
fixed length control field 01108nam a2200301 a 4500
082 04 - DEWEY DECIMAL CLASSIFICATION NUMBER
Classification number 323.44/8
100 1# - MAIN ENTRY--AUTHOR NAME
Personal name McLean, Deckle.
245 10 - TITLE STATEMENT
Title Privacy and its invasion
260 ## - PUBLICATION, DISTRIBUTION, ETC. (IMPRINT)
Place of publication Westport, Conn. :
Name of publisher Praeger,
Year of publication 1995.
300 ## - PHYSICAL DESCRIPTION
Number of Pages x, 140 p.
650 #0 - SUBJECT ADDED ENTRY--TOPICAL TERM
Topical Term Privacy, Right of.
Topical Term Privacy.
856 40 - ELECTRONIC LOCATION AND ACCESS
Uniform Resource Identifier http://site.ebrary.com/lib/rucke/Doc?id=10005646

No items available.

© 2026 Rongo University
Contact us: librarian | system librarian | Rongo university